|
|
|
|
| LEADER |
00000nam0a2200000 4500 |
| 001 |
351336 |
| 005 |
20231102010407.0 |
| 035 |
|
|
|a (RuTPU)RU\TPU\retro\6362
|
| 090 |
|
|
|a 351336
|
| 100 |
|
|
|a 20190603d1972 k y0rusy50 ca
|
| 101 |
0 |
|
|a rus
|
| 102 |
|
|
|a RU
|
| 105 |
|
|
|a a z 001zy
|
| 200 |
1 |
|
|a Вопросы исследования нижней ионосферы
|e [сборник статей]
|f Институт геологии и геофизики СО АН СССР ; отв. ред. И. М. Виленский
|
| 210 |
|
|
|a Новосибирск
|c [Б. и.]
|d 1972
|
| 215 |
|
|
|a 163 с.
|c ил.
|
| 316 |
|
|
|5 63413507: КР-6450
|a Глубокоуважаемому Александру Акимовичу от одного из авторов. 2.07.73. г. Иркутск
|
| 317 |
|
|
|5 63413507: КР-6450
|a Поступил в НТБ в 1987 г. в дар от вдовы ученого Е. К. Завадовской
|
| 320 |
|
|
|a Библиогр. в конце ст.
|
| 606 |
1 |
|
|a Ионосфера
|2 stltpush
|3 (RuTPU)RU\TPU\subj\13099
|9 39768
|
| 610 |
1 |
|
|a библиотека А. А. Воробьева
|
| 610 |
1 |
|
|a научные статьи
|
| 610 |
1 |
|
|a нижняя ионосфера
|
| 610 |
1 |
|
|a атмосфера
|
| 610 |
1 |
|
|a радиосигналы
|
| 610 |
1 |
|
|a радиоволны
|
| 610 |
1 |
|
|a ионосфера
|
| 610 |
1 |
|
|a электрическое поле
|
| 675 |
|
|
|a 551.510.535
|v 4
|
| 702 |
|
1 |
|a Виленский
|b И. М.
|4 340
|
| 712 |
0 |
2 |
|a Академия наук СССР
|b Сибирское отделение
|b Институт геологии и геофизики
|c (Новосибирск)
|c (1957-1990)
|2 stltpush
|3 (RuTPU)RU\TPU\col\128
|9 23211
|
| 801 |
|
1 |
|a RU
|b 63413507
|c 20190603
|
| 801 |
|
2 |
|a RU
|b 63413507
|c 20191031
|g RCR
|
| 942 |
|
|
|c BK
|